000 00248nam a22001217a 4500
008 181101b xxu||||| |||| 00| 0 eng d
041 _aeng
080 _a574
100 _a9
101 _aMJE
245 _aPlant Disease
_cMay, C
942 _2udc
_cBK
999 _c51541
_d51541